000 02023cam a2200193 4500500
005 20260315012524.0
041 _afre
042 _adc
100 1 0 _aCastro, Cindy
_eauthor
700 1 0 _aGentizon, Jenny
_eauthor
700 1 0 _aLecoultre, Claudia
_eauthor
700 1 0 _aGerber, Anne
_eauthor
245 0 0 _aAnálisis del contexto y aplicación de un plan de medicación estandarizado entre el personal de enfermería en un hospital universitario en Suiza
260 _c2025.
500 _a18
520 _aIntroducción: El uso de un plan de medicación estandarizado (PMS) permite mejorar la atención farmacológica previa al alta de los pacientes y su autogestión de los medicamentos. Objetivos: Evaluar el contexto de una unidad hospitalaria en cuanto a las barreras y los facilitadores para aplicar un PMS (objetivo 1) y evaluar el proceso de implantación en términos de aceptabilidad, viabilidad y fidelidad (objetivo 2). Método: Estudio de implantación basado en un diseño de viabilidad de tipo «pre-post». Los datos se recopilaron entre el personal de enfermería en tres momentos distintos (antes [TO], durante [T1] y después de la implantación [T2]), e incluyeron grupos focales y cuestionarios. Se realizaron análisis estadísticos descriptivos y un análisis temático rápido. Resultados: Se identificaron obstáculos y facilitadores para la aplicación de este plan. El PMS muestra un valor añadido. Sin embargo, su viabilidad sigue siendo limitada, lo que se traduce en un bajo nivel de fidelidad con el tratamiento. Discusión: Si bien el PMS tiene el potencial de apoyar la atención de enfermería farmacológica para preparar el alta de los pacientes, se deben reducir los obstáculos y adaptar su procedimiento de uso para lograr su implantación en situaciones reales.
786 0 _nRecherche en soins infirmiers | 162 | 3 | 2025-11-06 | p. 26-41 | 0297-2964
856 4 1 _uhttps://stm.cairn.info/revista-recherche-en-soins-infirmiers-2025-3-page-26?lang=es&redirect-ssocas=7080
999 _c1701774
_d1701774